| 000 | 00580nam a22001577a 4500 | ||
|---|---|---|---|
| 020 | _qHard Cover. | ||
| 082 | _a624.1 | ||
| 100 | _aMuhammad Usman Hassan. | ||
| 245 |
_aFRAMEWORK FOR AUTOMATED CONSTRUCTION PROGRESS MONITORING USING ROBOTIC VISION TECHNOLOGY / _cMuhammad Usman Hassan. |
||
| 260 |
_aIslamabad : _bNIT - SCEE, _c2014. |
||
| 300 |
_axii, 49 p. : ill. ; _c30cm. |
||
| 650 |
_aConstruction Engineering and Management-MS-Thesis _917023 |
||
| 700 |
_aDr. Muhammad Jaaluddin Thaheem _930352 |
||
| 942 |
_2ddc _cTHE |
||
| 999 |
_c536052 _d536052 |
||